Formula 1 drivers 2011 - Statistics

General Stats
  • This quiz has been taken 88 times
  • The average score is 17 of 28
Answer Stats
2011 Drivers % Correct
Red Bull Sebastian Vettel
100%
Ferrari Fernando Alonso
97%
Red Bull Mark Webber
97%
McLaren Lewis Hamilton
96%
Mercedes Michael Schumacher
96%
Ferrari Felipe Massa
91%
Mercedes Nico Rosberg
90%
McLaren Jenson Button
87%
Sauber Sergio Pérez
81%
HRT Daniel Ricciardo
73%
Williams Rubens Barrichello
67%
Williams Pastor Maldonado
60%
Renault Vitaly Petrov
59%
Renault Nick Heidfeld
57%
Sauber Kamui Kobayashi
53%
Force India Adrian Sutil
51%
Lotus Heikki Kovalainen
50%
Force India Paul Di Resta
49%
Marussia Timo Glock
49%
Lotus Jarno Trulli
44%
Toro Rosso Sebastien Buemi
44%
HRT Narain Karthikeyan
43%
Renault Bruno Senna
41%
Toro Rosso Jaime Alguersuari
40%
Sauber Pedro de la Rosa
36%
Lotus Karun Chandhock
29%
HRT Vitantonio Liuzzi
29%
Marussia Jerome D'Ambrosio
24%
No matching quizzes found
Score Distribution
Percent of People with Each Score
Percentile by Number Answered
Your Score History
You have not taken this quiz